000 00978nam a22002897a 4500
001 5923
003 FISKH
005 20250207111051.0
008 250207b cb ||||| |||| 00| 0 eng d
020 _a9781407147789
040 _aFISKH
_beng
_cFISKH
_dFISKH
050 _a PZ7.S96694 L
082 _a813.6
100 _aT.Sutherland, Tui
_d(1978-)
245 _aWings of fire :
_bThe lost heir /
_cTui T.Sutherland
250 _aThis edition first published in 2012
260 _aLondon :
_bScholastic,
_c2012.
300 _a316 pages :
_billustrations ;
_c20 cm
505 _aR
520 _aOverjoyed to be reunited with her fellow ocean-dwelling dragons, Tsunami the SeaWing continues efforts to end the war for Pyrrhia in spite of a dangerous assassin who is threatening all their lives.
521 8 _a750
_bLexile
521 8 _aR
_bRaz-Plus
650 _2Fantasy
_aMiddle grade
650 _2Dragons
_aWings of Fire
942 _2ddc
_cBK
_n0
999 _c5923
_d5923